000 00861nam a22002295a 4500
999 _c21001
_d21001
001 51496
003 OSt
005 20200612152716.0
008 930917s1993 ii b 001 0 eng
020 _a085107769
_cRs350.00
040 _coclc
082 _a305.420954
_bKUM/H
100 _aKumar, Radha
_92859
245 1 4 _aThe history of doing :
_ban illustrated account of movements for women's rights and feminism in India, 1800-1990 /
_cRadha Kumar
260 _aNew Delhi :
_bKali for Women,
_cc1993.
300 _a203p
504 _aIncludes bibliographical references and index.
740 0 _aIllustrated account of movements for women's rights and feminism in India, 1800-1990.
906 _a7
_bibc
_corignew
_d3
_encip
_f19
_gy-gencatlg
942 _2ddc
_cBK
_h305.420954
_iKUM/H
_k305.420954
_mKUM/H